Calciatori Premier League Squadra della stagione dell'Europa League - Statistics

Statistiche generali
  • Questo quiz è stato fatto 7 volte
  • Il punteggio medio è 14 su 33
Statistiche sulle risposte
Numero apparizioni Edizioni apparizioni Nazione Squadra Calciatore % Corretto
2 2019-2020; 2020-2021 Portogallo Manchester Utd Bruno Fernandes
100%
2 2019-2020; 2022-2023 Inghilterra Manchester Utd Marcus Rashford
86%
2 2016-2017; 2020-2021 Francia Manchester Utd Paul Pogba
86%
1 2016-2017 Svezia Manchester Utd Zlatan Ibrahimović
86%
1 2018-2019 Belgio Chelsea Eden Hazard
71%
1 2018-2019 Brasile / Italia Chelsea Jorginho
71%
1 2018-2019 Francia Chelsea Olivier Giroud
71%
1 2020-2021 Scozia Manchester Utd Scott McTominay
71%
1 2015-2016 Spagna Manchester Utd David de Gea
57%
1 2020-2021 Uruguay Manchester Utd Edinson Cavani
57%
1 2016-2017 Armenia Manchester Utd Henrikh Mkhitaryan
57%
1 2018-2019 Gabon Arsenal Pierre-Emerick Aubameyang
57%
1 2016-2017 Ecuador Manchester Utd Antonio Valencia
43%
1 2021-2022 Inghilterra West Ham Utd Declan Rice
43%
1 2015-2016 Germania Liverpool Emre Can
43%
1 2016-2017 Costa d'Avorio Manchester Utd Eric Bailly
43%
1 2018-2019 Spagna Chelsea Pedro
43%
1 2018-2019 Bosnia ed Erzegovina Arsenal Sead Kolašinac
43%
1 2016-2017 Spagna Manchester Utd Ander Herrera
29%
1 2018-2019 Spagna Chelsea César Azpilicueta
29%
1 2016-2017 Paesi Bassi Manchester Utd Daley Blind
29%
1 2018-2019 Brasile Chelsea David Luiz
29%
1 2020-2021 Inghilterra Manchester Utd Harry Maguire
29%
1 2015-2016 Brasile Liverpool Philippe Coutinho
29%
1 2019-2020 Brasile Manchester Utd Fred
14%
1 2018-2019 Francia Arsenal Laurent Koscielny
14%
1 2018-2019 Francia Chelsea N'Golo Kanté
14%
1 2018-2019 Costa d'Avorio Arsenal Nicolas Pépé
14%
1 2016-2017 Argentina Manchester Utd Sergio Romero
14%
1 2020-2021 Inghilterra Manchester Utd Aaron Wan-Bissaka
0%
1 2021-2022 Inghilterra West Ham Utd Craig Dawson
0%
1 2018-2019 Spagna Chelsea Kepa Arrizabalaga
0%
1 2015-2016 Inghilterra Tottneham Toby Alderweireld
0%
Nessun quiz corrispondente trovato
Distribuzione punteggi
Percentuale di utenti per punteggio
Percentile per numero di risposta
I tuoi punteggi nel tempo
Non hai fatto questo quiz